000 00332nam a2200133Ia 4500
008 240624s9999 xx 000 0 und d
041 _aeng
082 _a823 DAN
100 _aDANIKEN ERICH VON
245 _aCHARIOTS OF THE GODS
260 _c1980
_aNew York
_bBerkley Books
300 _aix, : 163 : p. : cm. ; 17
365 _c
_b20
999 _c11728
_d11728